| 000 | 004500000a22001810004500 | ||
|---|---|---|---|
| 003 | MACL | ||
| 005 | 20150702173746.0 | ||
| 008 | 150702b xxu||||| |||| 00| 0 eng d | ||
| 040 |
_aMACL _cmacl |
||
| 041 | _aenglish | ||
| 082 | _a200/met | ||
| 100 |
_aMetcalf, Barbara D. _9408 |
||
| 245 | _aIslam In South Asia In Practice | ||
| 260 |
_aNew Delhi _bPermanent Black _c2009 |
||
| 350 | _a795 | ||
| 650 |
_aReligion _9409 |
||
| 942 |
_cBK _k200/MET _2ddc |
||
| 999 |
_c47774 _d47774 |
||